Nomos : essays in Athenian law, politics, and society /
| Άλλοι συγγραφείς: | , , |
|---|---|
| Μορφή: | Βιβλίο |
| Γλώσσα: | English |
| Έκδοση: |
Cambridge [England] ; New York :
Cambridge University Press,
1990.
|
| Θέματα: | |
| Διαθέσιμο Online: | Sample text Publisher description Table of contents |
| LEADER | 01698pam a2200337 i 4500 | ||
|---|---|---|---|
| 001 | 3399425 | ||
| 003 | GR-PaULI | ||
| 005 | 20210117210840.0 | ||
| 008 | 190227s1990 enk g b 001 0 eng d | ||
| 952 | |0 0 |1 0 |2 ddc |4 0 |6 343_385000000000000_NOM |7 0 |9 230447 |a THST |b THST |d 2019-02-27 |i 001953 |l 0 |o 343.385 NOM |p 025000259985 |r 2019-02-27 00:00:00 |t 1 |v 2019.00 |w 2019-02-27 |y BK15 | ||
| 999 | |c 140007 |d 140007 | ||
| 010 | |a 89028576 | ||
| 020 | |a 0521370221 | ||
| 040 | |a DLC |c DLC |d DLC |d GR-PaULI |b gre |e AACR2 | ||
| 082 | 0 | 4 | |a 343.385 |2 23 |
| 245 | 0 | 0 | |a Nomos : |b essays in Athenian law, politics, and society / |c edited by Paul Cartledge, Paul Millett & Stephen Todd. |
| 260 | |a Cambridge [England] ; |a New York : |b Cambridge University Press, |c 1990. | ||
| 300 | |a xv, 240 σ. ; |c 24 εκ. | ||
| 504 | |a Περιλαμβάνει βιβλιογραφία και ευρετήριο. | ||
| 650 | 4 | |a Δίκαιο |9 158506 |z Ελλάδα |z Αθήνα | |
| 650 | 4 | |a Νομοθεσία |z Ελλάδα, Αρχαία. |9 174310 | |
| 651 | 4 | |a Αθήνα, Αρχαία |x Κοινωνική ζωή και έθιμα |9 116007 | |
| 651 | 4 | |a Ελλάδα, Αρχαία |x Δίκαιο και νομοθεσία |9 58866 | |
| 700 | 1 | 4 | |a Cartledge, Paul |9 12200 |e επιμελητής |
| 700 | 1 | 4 | |a Millett, Paul |9 80855 |e επιμελητής |
| 700 | 1 | 4 | |a Todd, S. C. |q (Stephen Charles), |d 1958- |9 158505 |e επιμελητής |
| 856 | 4 | 1 | |3 Sample text |u http://www.loc.gov/catdir/samples/cam031/89028576.html |
| 856 | 4 | 2 | |3 Publisher description |u http://www.loc.gov/catdir/description/cam023/89028576.html |
| 856 | 4 | 1 | |3 Table of contents |u http://www.loc.gov/catdir/toc/cam028/89028576.html |
| 942 | |2 ddc |c BK15 | ||
| 998 | |c ΜΑΝΙΑ |d 2019-02 | ||